Marking 150 years of EG (Record no. 80254)

MARC details
000 -LEADER
fixed length control field 00802cab a22001935a 4500
001 - CONTROL NUMBER
control field L143713
008 - FIXED-LENGTH DATA ELEMENTS--GENERAL INFORMATION
fixed length control field 080528e20080524xxk f 000 0 eng d
035 ## - SYSTEM CONTROL NUMBER
System control number (Sirsi) u143713
041 0# - LANGUAGE CODE
Language code of text/sound track or separate title eng
110 2# - MAIN ENTRY--CORPORATE NAME
Corporate name or jurisdiction name as entry element Estates Gazette
9 (RLIN) 298
245 00 - TITLE STATEMENT
Title Marking 150 years of EG
Remainder of title readers' lives
260 ## - PUBLICATION, DISTRIBUTION, ETC.
Date of publication, distribution, etc. 2008
490 ## - SERIES STATEMENT
Series statement Estates Gazette
Volume/sequential designation (0820) 24 May 2008, 72-77(6)
520 ## - SUMMARY, ETC.
Summary, etc. Fourth in a series of five articles marking 150 years of Estates Gazette provides personal views and memories from long-term readers of the magazine. Reflects on changes within the property business has changed during the last sixty years. See also part one (L143436), part two (L143472), part three (L143568) and part five (L143890).
590 ## - LOCAL NOTE (RLIN)
Local note KA
651 #4 - SUBJECT ADDED ENTRY--GEOGRAPHIC NAME
Geographic name United Kingdom
Chronological subdivision
690 ## - LOCAL SUBJECT ADDED ENTRY--TOPICAL TERM (OCLC, RLIN)
Topical term or geographic name as entry element PROPERTY
942 ## - ADDED ENTRY ELEMENTS (KOHA)
Suppress in OPAC 0
Holdings
Withdrawn status Lost status Source of classification or shelving scheme Damaged status Not for loan Home library Current library Shelving location Date acquired Total Checkouts Full call number Barcode Date last seen Copy number Price effective from Koha item type
    Dewey Decimal Classification     London London Journal article 28/05/2008   L143713 143713-1001 06/08/2019 1 06/08/2019 Journal article